Visualizzazione normale
Vista MARC
- Gorney Jay
di Personal Name
Records bibliografici associati: 1
001 - CONTROL NUMBER
- control field: 25742
003 - CONTROL NUMBER IDENTIFIER
- control field: IT-RoPau
005 - DATE AND TIME OF LATEST TRANSACTION
- control field: 20140518210426.0
008 - FIXED-LENGTH DATA ELEMENTS
- fixed length control field: 140518|| aca||aabn | a|a d
040 ## - CATALOGING SOURCE
- Original cataloging agency: IT-RoPau
- Transcribing agency: IT-RoPau
100 ## - HEADING--PERSONAL NAME
- Personal name: Gorney Jay
- Dates associated with a name: Codice autore SPICS: 27032
- Relator term: Autore
- Name of part/section of a work: You're My Thrill
670 ## - SOURCE DATA FOUND
- Source citation: Work cat.: (IT-RoPau)99902: AA.VV. 794, Chet Baker Sings and Plays From the Film "Let's Get Lost" A Film By Bruce Weber